| 000 | 00756nam a2200217 i 4500 | ||
|---|---|---|---|
| 001 | 65141 | ||
| 003 | ES-MaACL | ||
| 005 | 20230906165315.0 | ||
| 007 | t| | ||
| 008 | 040109q1942 sp ||||1| spa d | ||
| 100 | 1 |
_aFrancé, Raoul Heinrich. _952136 |
|
| 245 | 1 | 3 |
_aLa maravillosa vida de los animales _b: una zoología para todos / _cR.H. Francé ; versión española por Julio Gadea. |
| 260 |
_aBarcelona : _bLabor, _c[1942?] ( _fTalls. Gráfs. Ibero-Américanos) |
||
| 300 |
_aVII, 409 p., 32 lám. : _bil. ; _c23 cm. |
||
| 490 | 1 | _aColección libros de hoy | |
| 700 | 1 |
_aGadea, Julio. _953189 |
|
| 830 | 0 |
_aColección libros de hoy _9182911 |
|
| 852 |
_aES-MaACL _jF-16059 _bR.20827 |
||
| 852 |
_aES-MaACL _jF-16062 _bR.20824 |
||
| 999 |
_c65141 _d65141 |
||